Hochhäuser - Deutschland (extrem) - Statistiken

Allgemein
  • Dieses Quiz wurde 35 mal gespielt
  • Das Durchschnittsergebnis liegt bei 5 aus 15
Antwortstatistiken
Hint Antwort % Korrekt
1 Commerzbank Tower / Frankfurt (259m)
87%
5.1 5.2 Main Tower / Frankfurt (200m) Tower 185 / Frankfurt (200m)
65%
2 Messeturm / Frankfurt (257m)
57%
3 Four 1 / Frankfurt (233m)
30%
8 Omniturm / Frankfurt (190m)
30%
13.1 13.2 Opernturm / Frankfurt (170m) Taunusturm / Frankfurt (170m)
30%
15 Silberturm / Frankfurt (166m)
30%
4 Westendstraße 1 / Frankfurt (208m)
30%
11 Four 2 / Frankfurt (173m)
22%
7 One / Frankfurt (191m)
22%
16 Post Tower / Bonn (163m)
22%
12 Grand Tower / Frankfurt (172m)
17%
9 Trianon / Frankfurt (186m)
13%
17 Westend Gate / Frankfurt (159m)
13%
10 Neubau der EZB / Frankfurt (185m)
0%
Keine übereinstimmenden Quizze gefunden
Verteilung der Resultate
Anzahl Personen mit jedem Resultat
Perzentil nach korrekt beantworteten Fragen
Ihre Resultats-Entwicklung
Sie haben dieses Quiz noch nicht gespielt